LIBRARY & INFORMATION CENTRE, KCAET, TAVANUR

ONLINE PUBLIC ACCESS CATALOGUE (OPAC)

Plant structure, function and adaptation (Record no. 1340)

MARC details
000 -LEADER
fixed length control field 00442cam a2200181ua 4500
041 ## - LANGUAGE CODE
Language code of text/sound track or separate title eng
082 ## - DEWEY DECIMAL CLASSIFICATION NUMBER
Classification number 581.4
Item number HAL/PL
100 ## - MAIN ENTRY--AUTHOR NAME
Personal name Hall, M . A .
245 00 - TITLE STATEMENT
Title Plant structure, function and adaptation
250 ## - EDITION STATEMENT
Edition statement 1 /
260 ## - PUBLICATION, DISTRIBUTION, ETC. (IMPRINT)
Place of publication :
Name of publisher English language book society and Macmillan ,
Year of publication 1978.
300 ## - PHYSICAL DESCRIPTION
Number of Pages 443 ; .
942 ## - ADDED ENTRY ELEMENTS (KOHA)
Koha item type Books
Holdings
Withdrawn status Lost status Damaged status Home library Current library Date acquired Full call number Accession Number Koha item type
      KAUAET KAUAET 27/03/1987 581.4 HAL/PL 16192 Books
free website counter